01103 2200337 4500001002100000005001500021035002000036007000300056008004100059020002200100040002200122082001200144084001400156100002200170245010800192250003000300300004800330650004100378700003000419700002800449700003300477850001200510504003500522264005400557264004000611336002100651337003000672338002300702990002000725990002000745INLIS00000000085349420191204125443 a0010-1219000180ta191204t2017 yoia g ind d a978-979-420-749-9 aYOPDYOGbinderda04223a664 a664 SOE d0 aSoeparnoepenulis10aDasar teknologi hasil ternak /cpenulis, Soeparno, R. A. Rihastuti, Indratiningsih, Suharjono Triatmojo aCetakan kedua: April 2017 ax, 132 halaman :bilustrasi, tabel ;c21 cm 4aHasil ternak--xTeknologi pengolahan1 aRihastuti, R. A.epenulis0 aIndratiningsihepenulis0 aSuharjono Triatmojoepenulis aYOPDYOG aBibliografi: halaman [121]-124 1aYogyakarta :bGadjah Mada University Press,c2017 4a©2017 Gadjah Mada University Press 2rdacontentateks 2rdamediaatanpa perantara 2rdacarrieravolume a65068-PD/A.2019 a65069-PD/A.2019